Thả hy vọng : Đoản văn và tùy bút

محفوظ في:
التفاصيل البيبلوغرافية
المؤلف الرئيسي: Trần, Đức Tiến
التنسيق: كتاب
اللغة:Undetermined
منشور في: Thành phố Hồ Chí Minh Trẻ 2015
الموضوعات:
الوسوم: إضافة وسم
لا توجد وسوم, كن أول من يضع وسما على هذه التسجيلة!
Thư viện lưu trữ: Trung tâm Học liệu Trường Đại học Cần Thơ
LEADER 00659nam a2200217Ia 4500
001 CTU_196532
008 210402s9999 xx 000 0 und d
020 |c 55000 
082 |a 895.922834 
082 |b T305 
100 |a Trần, Đức Tiến 
245 0 |a Thả hy vọng : 
245 0 |b Đoản văn và tùy bút 
245 0 |c Trần Đức Tiến 
260 |a Thành phố Hồ Chí Minh 
260 |b Trẻ 
260 |c 2015 
650 |a Prose literature, Vietnamese,Văn xuôi, Việt Nam 
650 |y 20th century,Thế kỷ 20 
904 |i Tuyến 
980 |a Trung tâm Học liệu Trường Đại học Cần Thơ